• 首页
  • 本馆介绍
  • 公告通知
  • 最新文献
  • 馆藏检索
  • 电子资源
  • 读者导购
  • 参考咨询
  • 我的图书馆
  • 登录
  • 详细信息显示
  • 放入我的书架
  • 预约/预借图书
  • 作者相关作品
  • 分类相关作品
  • 丛书相关作品
  • 出版社相关作品

书目信息

  • 表格格式
  • 工作单格式
  • 卡片格式
题名:
电化教育基础
    
 
作者: 梁育腾 主编
分册:  
出版信息: 北京   高等教育出版社  1985.05
页数: 170页
开本: 20cm
丛书名:
单 册:
中图分类: G431
科图分类:
主题词: 电化教学 , 电化教育
电子资源:
ISBN: 7-04-001682-6
000 00558nam0 2200205 45
001 0012050918
005 20061109162450.25
010    @a7-04-001682-6@dCNY0.98
100    @a20001205d1985 km y0chiy0120 ea
101 0  @achi
200 1  @a电化教育基础@ADian Hua Jiao Yu Ji Chu@f梁育腾主编@FLiang Yu Teng Zhu Bian
210    @a北京@c高等教育出版社@d1985.05
215    @a170页@d20cm
300    @a中等师范学校课本
606 0  @a电化教学
606 0  @a电化教育
690    @aG431@v1
701  0 @a梁育腾@4主编
801    @aCN@bTSSF@c20061109
905    @a10447@dG431@e14
    
    电化教育基础/梁育腾主编.-北京:高等教育出版社,1985.05
    170页;20cm
    中等师范学校课本
    
    ISBN 7-04-001682-6:CNY0.98
    
●
相关链接 在E读中查询图书 在五车中查询图书 在当当中查询图书 在豆瓣中查询图书


正题名:电化教育基础     索取号:G431/14         预约/预借

序号 登录号 条形码 馆藏地/架位号 状态 备注
1 0215351   000458427   第一样本阅览室/ [索取号:G431/14] 在馆    
唐山师范学院图书馆 欢迎您!
大连网信软件有限公司© 版权所有